000 00282nam a22001337a 4500
008 170714b xxu||||| |||| 00| 0 eng d
020 _a9780786816996
041 _aeng
080 _a101
100 _a24
101 _aFIL
245 _aPHILOSOPHY ROCKS!
_cLAW,S
942 _2udc
_cBK
999 _c20885
_d20885